Accounting information systems (Бичлэгийн дугаар. 145994)
| 000 -УДИРДЛАГА | |
|---|---|
| Удирдлага | 00688nam a22002537a 4500 |
| 003 - ХЯНАЛТЫН ТОО ТОДОРХОЙЛОГЧ | |
| Код | MN-UlNUM |
| 005 - БИЧИЛТ ХИЙСЭН ОГНОО | |
| Тухайн бичилтийг бичсэн засварласан сүүлийн огноо | 20251222115042.0 |
| 008 - ЕРӨНХИЙ МЭДЭЭЛЭЛ | |
| Ерөнхий мэдээлэл | 251222s1993 ohuab||| |||| 001 0 eng | |
| 020 ## - ISBN | |
| ISBN | 0538824883 |
| 040 ## - БИЧЛЭГ ҮҮСГЭГЧ БАЙГУУЛЛАГА | |
| Бичлэг үүсгэгч номын сангийн код | МУИС-ийн номын сан |
| 084 ## - ББК АНГИЛАЛ | |
| Нэмэлт тусгалт | Бусад |
| ББК ангилал | 65.290-2 |
| Зохиогчийн гурван тэмдэгт | G 34 |
| Мэдлэгийн ялгаа | 65 - Эдийн засаг |
| 100 1# - ЗОХИОГЧ | |
| Зохиогчийн нэр | Gelinas, Ulric J. |
| 245 10 - ҮНДСЭН ГАРЧИГ | |
| Номын нэр | Accounting information systems |
| Оролцогчдын тухай мэдээ | Ulric J. Gelinas, Jr., Allan E. Oram. |
| 250 ## - ДАХИН ХЭВЛЭЛТ | |
| Дахин гаралтын дугаар | 2nd ed. |
| 260 ## - ГАРАЛТЫН МЭДЭЭ | |
| Хэвлэгдсэн газар | Cincinnati, Ohio : |
| Хэвлэлийн газар | South-Western College Pub., |
| Хэвлэгдсэн он | 1993. |
| 300 ## - МАТЕРИАЛЫН ТОДОРХОЙЛОЛТ | |
| хуудасны тоо | 765p.: |
| Бусад тоон мэдээлэл | ill. ; |
| Хэмжээ | 24 cm. |
| 500 ## - Тайлбар | |
| Дансны дугаар | БС 4649 |
| 546 ## - ХЭЛНИЙ ТУХАЙ МЭДЭЭ | |
| Хэл | Англи хэл дээр, |
| 653 ## - Түлхүүр үг | |
| Түлхүүр үг | accounting |
| 653 ## - Түлхүүр үг | |
| Түлхүүр үг | data processing |
| 700 1# - ХАМ ЗОХИОГЧИД | |
| Ба бус | Oram, Allan E. |
| 942 ## - ЭЛЕМЕНТИЙН ТӨРӨЛ | |
| Зүйлийн төрөл | Ном |
